000 00439nam a2200157Ia 4500
008 230718s9999 xx 000 0 und d
041 _aeng
082 _a658.4
_bSEN
100 _aSenge M. P.
_9142938
245 _aFifth Discipline The Art And Practice Of The Learning Organization
260 _c1994
_bCurrency
300 _a420
365 _cRs.
_b820.55
700 _aSenge M. P.
_9142938
906 _dB:612418-Nov-1998
_cMGMT
_b123.08
999 _c298084
_d298084